[Event "Veyangoda Queenstar op"]
[Site "Veyangoda"]
[Date "2023.04.17"]
[Round "3"]
[White "Majumder, Shrayan"]
[Black "Bimansa, DG Jayandi"]
[Result "1-0"]
[WhiteElo "1821"]
[BlackElo "1339"]
[PlyCount "37"]
[EventDate "2023.04.16"]
[EventType "swiss"]
[EventRounds "9"]
[EventCountry "SRI"]
[SourceTitle "EXT 2024"]
[Source "ChessBase"]
[SourceDate "2023.10.10"]
[SourceVersion "1"]
[SourceVersionDate "2023.10.10"]
[SourceQuality "1"]

1. d4 d5 2. c4 Nf6 3. cxd5 Qxd5 4. Nc3 Qa5 5. Bd2 Nc6 6. e4 Qb6 7. e5 Ng4 8. h3 Nxf2 9. Kxf2 Qxd4+ 10. Be3 Qxe5 11. Nf3 Qd6 12. Nb5 Qd8 13. Qxd8+ Kxd8 14. Ng5 Be6 15. Rd1+ Kc8 16. Nxe6 fxe6 17. Bc4 Nd8 18. Rxd8+ Kxd8 19. Rd1+ 1-0

[Event "SRI-ch U14"]
[Site "Nugegoda"]
[Date "2021.03.14"]
[Round "10"]
[White "Sathmina, SL Lalindu"]
[Black "Bimansa, DG Jayandi"]
[Result "1-0"]
[WhiteElo "1480"]
[BlackElo "1083"]
[PlyCount "157"]
[EventDate "2021.03.09"]
[EventType "tourn"]
[EventRounds "11"]
[EventCountry "SRI"]
[SourceTitle "CBM 201 Extra"]
[Source "ChessBase"]
[SourceDate "2021.05.31"]
[SourceVersion "1"]
[SourceVersionDate "2021.05.31"]
[SourceQuality "1"]

1. e4 e6 2. d4 d5 3. exd5 exd5 4. Nf3 Bd6 5. Bd3 Nf6 6. Qe2+ Be6 7. Ng5 Qe7 8. Nxe6 fxe6 9. Nd2 0-0 10. Nf3 c5 11. c3 Nc6 12. dxc5 Bxc5 13. 0-0 e5 14. Bc2 e4 15. Ng5 Ne5 16. Bb3 Kh8 17. Kh1 Rad8 18. Be3 Bxe3 19. fxe3 Nfg4 20. Nh3 Qc5 21. Rxf8+ Rxf8 22. Re1 h5 23. Nf4 Rxf4 24. exf4 Nf2+ 25. Kg1 Neg4 26. g3 Nd3+ 27. Kg2 Nxe1+ 28. Qxe1 Ne3+ 29. Kh1 Nf5 30. Qd1 Qf2 31. Bxd5 g6 32. Bxe4 Qb6 33. Bxf5 Qc6+ 34. Kg1 gxf5 35. Qxh5+ Kg8 36. Qg5+ Kh8 37. Qd8+ Kg7 38. Qd4+ Kg6 39. c4 Qf3 40. Qf2 Qd1+ 41. Kg2 Qd3 42. b3 Qe4+ 43. Kh3 b6 44. g4 Qd3+ 45. Kh4 Qd8+ 46. g5 Qh8+ 47. Kg3 Qc3+ 48. Qf3 Qe1+ 49. Kh3 Qe8 50. Kg2 Qd7 51. h4 Qd2+ 52. Kh3 Qd7 53. h5+ Kg7 54. Qd5 Qc8 55. g6 Qf8 56. Qf7+ Qxf7 57. gxf7 Kxf7 58. h6 Kg6 59. Kh4 Kxh6 60. b4 Kg6 61. c5 bxc5 62. bxc5 Kf6 63. Kh5 a5 64. c6 Ke6 65. c7 Kd7 66. Kg5 Kxc7 67. Kxf5 Kc6 68. Ke6 Kb5 69. f5 Ka4 70. f6 Ka3 71. f7 Kxa2 72. f8Q Kb3 73. Qb8+ Ka3 74. Kd5 a4 75. Kc4 Ka2 76. Kc3 a3 77. Qb3+ Ka1 78. Qxa3+ Kb1 79. Qb2# 1-0

[Event "SRI-ch U14"]
[Site "Nugegoda"]
[Date "2021.03.11"]
[Round "4"]
[White "Bimansa, DG Jayandi"]
[Black "Ashad, Nevan Mishal Mohome"]
[Result "1/2-1/2"]
[WhiteElo "1083"]
[BlackElo "1272"]
[PlyCount "147"]
[EventDate "2021.03.09"]
[EventType "tourn"]
[EventRounds "11"]
[EventCountry "SRI"]
[SourceTitle "CBM 201 Extra"]
[Source "ChessBase"]
[SourceDate "2021.05.31"]
[SourceVersion "1"]
[SourceVersionDate "2021.05.31"]
[SourceQuality "1"]

1. e4 e5 2. Bc4 Nf6 3. Nf3 Nc6 4. Ng5 d5 5. exd5 Na5 6. Bb5+ c6 7. dxc6 bxc6 8. Qf3 Bb7 9. Ba4 h6 10. Ne4 Be7 11. d3 0-0 12. 0-0 c5 13. Nxf6+ Bxf6 14. Qg3 Kh8 15. Nc3 Nc6 16. Bxc6 Bxc6 17. Ne4 Bxe4 18. dxe4 Qb6 19. Qb3 Rad8 20. Be3 Rd7 21. Qa3 Rc8 22. Rad1 Rdc7 23. Rd5 Qb4 24. Qxb4 cxb4 25. Rb5 Rxc2 26. Rxb4 R8c7 27. Rb8+ Kh7 28. Re1 R2c4 29. f3 Rc2 30. Kf1 Bg5 31. Bxg5 hxg5 32. Re2 R2c6 33. Kf2 Rd6 34. g3 Rd3 35. Rb3 Rd6 36. Ke3 Ra6 37. a3 Kg6 38. Rd3 Rac6 39. Rf2 f6 40. f4 gxf4+ 41. gxf4 exf4+ 42. Kxf4 Rc4 43. b3 R4c5 44. Rg2+ Kf7 45. Rgd2 g5+ 46. Kf3 Kg6 47. Ke3 Re5 48. Rd5 Ree7 49. Rf2 Rc3+ 50. Rd3 Rc1 51. Rd6 Rf7 52. Kd2 Rc5 53. Kd3 Kg7 54. Kd4 Rc1 55. Rd2 Re7 56. Ke3 Re1+ 57. Kf2 R1xe4 58. Rd7 Rf4+ 59. Kg3 Kf8 60. Rd8+ Kf7 61. R2d7 Ke6 62. Rxe7+ Kxe7 63. Ra8 Rd4 64. Rxa7+ Ke6 65. Ra6+ Ke5 66. Ra5+ Ke6 67. Rb5 f5 68. a4 Rd3+ 69. Kf2 Rd2+ 70. Kg3 Rd3+ 71. Kf2 Rd2+ 72. Kg3 Rd3+ 73. Kf2 Rd2+ 74. Kg3 1/2-1/2

[Event "Nugegoda SRI GP (Women) 2nd"]
[Site "Nugegoda"]
[Date "2021.02.13"]
[Round "2"]
[White "Bimansa, DG Jayandi"]
[Black "Sanudula, KM Dahamdi"]
[Result "0-1"]
[WhiteElo "1016"]
[BlackElo "1593"]
[PlyCount "161"]
[EventDate "2021.02.13"]
[EventType "tourn"]
[EventRounds "11"]
[EventCountry "SRI"]
[SourceTitle "EXT 2022"]
[Source "ChessBase"]
[SourceDate "2021.10.06"]
[SourceVersion "1"]
[SourceVersionDate "2021.10.06"]
[SourceQuality "1"]

1. e4 d5 2. exd5 Qxd5 3. Nc3 Qa5 4. d4 c6 5. Bc4 Nf6 6. Nf3 Bf5 7. Bd2 e6 8. 0-0 Qc7 9. h3 Bd6 10. Re1 0-0 11. Nh4 Bg6 12. Bg5 Nbd7 13. Nxg6 hxg6 14. Qd3 Qa5 15. Bd2 Qc7 16. Ne4 Nxe4 17. Rxe4 Nf6 18. Rh4 Be7 19. Re1 c5 20. Rxe6 b5 21. Qe2 Bd6 22. Rxf6 gxf6 23. Bd5 Rad8 24. Kf1 Bg3 25. Bxf7+ Qxf7 26. fxg3 Qc4 27. Qxc4+ bxc4 28. Bc3 cxd4 29. Rxd4 Rxd4 30. Bxd4 a6 31. Ke2 Kf7 32. Kd2 Ke6 33. Kc3 Kd5 34. b3 cxb3 35. axb3 f5 36. Kd3 Re8 37. c4+ Kc6 38. Bf2 Re5 39. h4 Ra5 40. b4 Ra3+ 41. Kd4 Ra2 42. Ke3 Rc2 43. b5+ axb5 44. cxb5+ Kxb5 45. Kf3 Kc6 46. Ke3 Kd5 47. Kf3 Ke5 48. Bg1 Rc3+ 49. Be3 Ra3 50. Kf2 Ke4 51. Bf4 Ra2+ 52. Kg1 Kd3 53. Bc7 Ke2 54. Bb6 Ra1+ 55. Kh2 Kf1 56. Bd4 Ra2 57. Bb6 Rxg2+ 58. Kh3 Rb2 59. Ba7 Rb4 60. Bc5 Rg4 61. Be3 Ke2 62. Bf4 Kf3 63. Bb8 g5 64. hxg5 Rxg5 65. Kh4 Rg4+ 66. Kh3 Rg7 67. Kh4 Rg4+ 68. Kh3 Rg8 69. Be5 Re8 70. Bc3 Re3 71. Ba5 Re7 72. Kh4 Rg7 73. Be1 Rg8 74. Ba5 Rxg3 75. Bc7 Rg8 76. Be5 f4 77. Kh3 Rg5 78. Bf6 Rh5+ 79. Bh4 Rxh4+ 80. Kxh4 Ke2 81. Kh3 0-1